000 00378nam a22001697a 4500
005 20160528104733.0
008 160528b xxu||||| |||| 00| 0 eng d
020 _a978-81-272-4261-9
041 _aeng
082 _b5698
100 _aSontakki, C.N.
_91428
245 _aMarketing Management
260 _bKalyan
300 _a756
650 _aManagement
_9241
942 _cBK
999 _c2022
_d2021